All countries with Portuguese as an official language - Statistics

General Stats
  • This quiz has been taken 17 times
  • The average score is 8 of 9
Answer Stats
Continent Country % Correct
South America Brazil
100%
Europe Portugal
100%
Africa Angola
94%
Africa Cape Verde
94%
Africa Mozambique
94%
Africa São Tomé and Principé
94%
Asia East Timor
88%
Africa Equatorial Guinea
88%
Africa Guinea-Bissau
88%
No matching quizzes found
Score Distribution
Percent of People with Each Score
Percentile by Number Answered
Your Score History
You have not taken this quiz